| 000 | 00582 a2200169 4500 | ||
|---|---|---|---|
| 999 |
_c332297 _d332297 |
||
| 003 | NUST | ||
| 005 | 20171123094516.0 | ||
| 008 | 171123b xxu||||| |||| 00| 0 eng d | ||
| 020 | _a8189645455 | ||
| 040 | _c0 | ||
| 082 | _a934 SMI | ||
| 100 |
_aSmith, V. A. _96701 |
||
| 245 |
_aThe Early History of India _cV. A. Smith, |
||
| 260 |
_aNew Delhi: _bPragun Publication, _c2006. |
||
| 300 |
_ax, 585 p. : _b ill. ; _c 24 cm. |
||
| 500 | _aIncludes Index | ||
| 501 | _aH.B | ||
| 650 |
_a1.Alexander the Great, 356-323 B.C. 2.India--History--Early. _93029 |
||
| 942 |
_cBK _kIESE _2ddc |
||